Statistiques concernant Paroles Jusqu'au dernier gramme PNL (1)

Cliquez ici pour prendre le quiz!

Statistiques générales

  • Ce quiz a été pris 1 605 fois
  • Le résultat moyen est 250 sur 500

Statistiques - réponses

Answers% Correct
à
95%
à
95%
a
95%
Je
92%
je
92%
91%
l'a
91%
La
91%
la
91%
de
90%
de
90%
me
89%
se
84%
suis
84%
le
83%
Le
83%
m'a
82%
ma
82%
J'ai
81%
j'ai
81%
J'ai
81%
sous
81%
Ca
80%
en
79%
en
79%
mer
78%
mille
78%
Ce
77%
ce
77%
Pas
77%
Pas
77%
pas
77%
qu'à
77%
9
76%
jusqu'à
75%
mon
75%
On
73%
on
73%
que
71%
cas
69%
eu
69%
problème
69%
semelle
69%
fin
67%
l'ai
67%
paire
67%
semaine
67%
couilles
65%
dans
65%
Dans
65%
Dans
65%
même
65%
monde
65%
par
65%
pour
65%
soucis
65%
monte
63%
avec
62%
l'air
62%
qui
62%
vois
62%
donc
61%
putain
61%
plus
60%
montre
59%
ou
59%
travers
59%
Un
59%
un
59%
bon
58%
du
58%
et
58%
Et
58%
et
58%
Faut
58%
faut
58%
son
58%
temps
58%
4
57%
est
57%
haine
57%
des
56%
des
56%
âme
54%
merde
54%
perdre
54%
vie
54%
Igo
53%
bonheur
52%
con
52%
dit
52%
fait
52%
y
52%
ta
51%
donner
50%
moche
50%
au
49%
guerre
49%
si
49%
voir
49%
mensonges
48%
Baba
47%
cinéma
46%
mal
46%
moi
45%
Terre
45%
brûle
44%
refera
44%
coeur
43%
Il
43%
il
43%
j'aime
43%
J'aime
43%
peu
43%
Pourquoi
42%
Y'a
42%
cul
40%
Parfois
40%
tête
40%
2
39%
maquiller
39%
épiloguer
38%
maquillée
38%
paix
38%
peur
38%
une
38%
va
38%
vous
38%
arme
37%
91000
36%
J'sais
36%
Parce
36%
qu'on
36%
contrat
35%
Les
35%
les
35%
sauver
35%
trop
35%
Trop
35%
bite
34%
car
34%
j'voudrais
34%
bas
33%
brulêr
33%
c'est
33%
lieues
33%
scier
33%
vite
33%
homme
32%
jouer
32%
Pardonnez
32%
passé
32%
secondes
32%
trou
32%
ciel
31%
Jette
31%
poussez
31%
sert
31%
carré
30%
c'qui
30%
j'roule
30%
l'canon
30%
ressort
30%
s'agit
30%
voit
30%
votre
30%
calculer
29%
Chez
29%
fond
29%
mètres
29%
sentiments
29%
sinon
29%
sonde
29%
teh
29%
ferme
28%
gueule
28%
s'passe
28%
Tristesse
28%
tout
27%
Non
27%
paraît
27%
regard
27%
tes
27%
ton
27%
tout
27%
alors
26%
qu'au
25%
silence
25%
bien
24%
flaire
24%
sur
24%
copiloter
23%
glacés
23%
mif
23%
rêves
23%
bat
22%
emmerde
22%
l'regard
22%
n'plus
22%
beuh
21%
million
21%
belle
20%
demain
20%
sourire
20%
timing
20%
aussi
19%
contamine
19%
grandi
19%
mois
19%
nu
19%
s'connaît
19%
cauchemars
18%
nourrir
18%
entassés
17%
erreurs
17%
feuille
17%
Fleur
17%
poids
17%
constamment
16%
elle
16%
j'écris
16%
mytho
16%
Nord
16%
pâtes
16%
rage
16%
5
15%
consciemment
15%
d'mes
15%
t'ôter
15%
années
14%
billets
14%
j'salis
14%
larmes
14%
l'courage
14%
saigne
14%
t'as
14%
trahison
14%
après
13%
chatte
13%
Chérie
13%
décibels
13%
découpé
13%
éphémère
13%
J'perds
13%
mat
13%
mêmes
13%
minutes
13%
mise
13%
naïveté
13%
n'veut
13%
plats
13%
superficiel
13%
verts
13%
6
12%
bande
12%
barres
12%
boule
12%
cafards
12%
confiance
12%
Confiance
12%
devant
12%
J'me
12%
j'rajoute
12%
nan
12%
suffire
12%
tendresse
12%
veux
12%
vide
12%
cash
11%
dur
11%
J'attends
11%
j'attends
11%
j'dis
11%
l'orage
11%
m'endurcir
11%
nuit
11%
pleurs
11%
volé
11%
Garde
10%
jamais
10%
J'regarde
10%
s'embarasser
10%
dedans
9%
l'coeur
9%
moins
9%
mot
9%
l'impasse
8%
l'même
8%
stress
8%
J'recharge
7%
J'croisais
4%
l'alcool
4%

Distribution des résultats

Percentile par nombre de réponses

% des personnes avec chaque résultat

Votre développement - résultats

Vous n’avez pas pris ce quiz